| 000 | 00692nam a2200193 i 4500 | ||
|---|---|---|---|
| 001 | 24102 | ||
| 003 | ES-MaACL | ||
| 005 | 20250828000901.0 | ||
| 007 | t| | ||
| 008 | 021216s1978 sp ||||1| spa d | ||
| 100 | 1 |
_aAntelo Iglesias, Antonio. _921870 |
|
| 245 | 1 | 0 |
_aSobre el magisterio isidoriano en la Alta Edad Media _b: notas de historia literaria y cultural / _cAntonio Antelo Iglesias. |
| 260 |
_aMadrid : _bInstituto Jerónimo Zurita, _c[1978] |
||
| 300 |
_a9 h. ; _c24 cm. |
||
| 500 | _aEs Separata de: Hispania, Rev. Española de Hª, Tomo XXXVIII, pp. 55-70. | ||
| 710 | 2 |
_aInstituto Jerónimo Zurita _95106 |
|
| 852 |
_aES-MaACL _j2125-F-3 _bR.98447 |
||
| 999 |
_c24102 _d24102 |
||